Statistics for Famous Polish Landmarks #1.

Click here to take the quiz!

General Stats

  • This quiz has been taken 18 times
  • The average score is 7 of 12

Answer Stats

Answer% Correct
Tatra Mountains
82%
Wawel Castle
82%
Auschwitz/Oświęcim
76%
Malbork Castle
71%
Półwysep Helski
65%
Builder's houses.
59%
Bieszczady Mountains
47%
Białowieża National Park
41%
Hala Stulecia
41%
Pieniny Mountains
41%
Royal Castle
35%
Karkonosze Mountains
18%

Score Distribution

Percentile by Number Answered

Percent of People with Each Score

Your Score History

You have not taken this quiz